Opaja matir hat bauli (Record no. 2987)

MARC details
000 -LEADER
fixed length control field 00570cam a2200217ua 4500
001 - CONTROL NUMBER
control field 3143
005 - DATE AND TIME OF LATEST TRANSACTION
control field 20260515113635.0
008 - FIXED-LENGTH DATA ELEMENTS--GENERAL INFORMATION
fixed length control field 110929n ii |||gr||||Z||||||asm
020 ## - INTERNATIONAL STANDARD BOOK NUMBER
International Standard Book Number 81-260-2447-X
040 ## - CATALOGING SOURCE
Transcribing agency MAIN
082 ## - DEWEY DECIMAL CLASSIFICATION NUMBER
Classification number 891.4513
100 1# - MAIN ENTRY--PERSONAL NAME
Personal name Karanth, Shivaram,
Relator term Author.
245 11 - TITLE STATEMENT
Title Opaja matir hat bauli
Statement of responsibility, etc. by Shivaram Karanth
250 ## - EDITION STATEMENT
Edition statement 1st.
260 ## - PUBLICATION, DISTRIBUTION, ETC.
Place of publication, distribution, etc. Kolkatta:
Name of publisher, distributor, etc. Sahitya Akademi,
Date of publication, distribution, etc. 2006.
300 ## - PHYSICAL DESCRIPTION
Extent 410p:
Dimensions 23cm.
653 ## - INDEX TERM--UNCONTROLLED
Uncontrolled term Assamese novel
653 ## - INDEX TERM--UNCONTROLLED
Uncontrolled term Opaja matir hat bauli
700 ## - ADDED ENTRY--PERSONAL NAME
Personal name Saikia, Anupama Dutta,
Relator term Translator.
942 ## - ADDED ENTRY ELEMENTS (KOHA)
Koha item type Books
Holdings
Withdrawn status Lost status Damaged status Not for loan Home library Current library Shelving location Date acquired Total checkouts Full call number Barcode Date last seen Date last checked out Copy number Price effective from Koha item type
        Naharkatiya College Library Naharkatiya College Library General stacks 09/19/2020 1 891.4513 | SAI 19201 12/16/2021 11/30/2021 1 09/19/2020 Books